[Event "UZB-ch (Women)"]
[Site "Tashkent"]
[Date "2017.05.29"]
[Round "2"]
[White "Abdusattorova, Bakhora"]
[Black "Baymuratova, Sevara"]
[Result "1-0"]
[WhiteElo "2175"]
[BlackElo "2118"]
[PlyCount "133"]
[EventDate "2017.05.28"]
[EventType "tourn"]
[EventRounds "9"]
[EventCountry "UZB"]
[SourceTitle "EXT 2018"]
[Source "ChessBase"]
[SourceDate "2017.10.13"]
[SourceVersion "1"]
[SourceVersionDate "2017.10.13"]
[SourceQuality "1"]

1. e4 c5 2. Nf3 d6 3. Bb5+ Bd7 4. Bxd7+ Qxd7 5. c4 Nf6 6. Nc3 g6 7. d4 cxd4 8. Nxd4 Bg7 9. 0-0 0-0 10. b3 Nc6 11. Bb2 a6 12. Rc1 e6 13. Na4 Qc7 14. Nxc6 bxc6 15. Qe2 Nd7 16. Bxg7 Kxg7 17. Rfd1 Rfd8 18. Rc3 Nc5 19. Nb2 e5 20. Rh3 Ne6 21. Qd2 Nf4 22. Rc3 Qa5 23. Na4 Qc7 24. Qe3 Qe7 25. Rc2 d5 26. exd5 cxd5 27. cxd5 Nxd5 28. Qe1 Nb4 29. Rcd2 Rxd2 30. Qxd2 Rc8 31. Nc3 Qc5 32. Ne4 Qc2 33. Qxc2 Rxc2 34. g3 Rxa2 35. Rd7 Rb2 36. Ng5 Kf6 37. h4 e4 38. Nxe4+ Kg7 39. Ng5 Rxb3 40. Rxf7+ Kg8 41. Rxh7 a5 42. Ra7 Nc6 43. Ra6 Rc3 44. Kg2 Rc4 45. Ne6 a4 46. Nf4 Kf7 47. Nd5 Ne5 48. Nb6 Rc2 49. Rxa4 Nd3 50. Ra3 Rxf2+ 51. Kg1 Rf3 52. Nc4 Rxg3+ 53. Kh2 Rg4 54. Nd6+ Ke6 55. Rxd3 Rxh4+ 56. Kg3 Rb4 57. Kf3 Ke5 58. Nf7+ Kf6 59. Nd8 Rb8 60. Nc6 Rb6 61. Nd4 Rb1 62. Re3 Rf1+ 63. Kg2 Rf4 64. Re6+ Kf7 65. Rd6 Ke7 66. Rd5 Rf6 67. Kg3 1-0

[Event "UZB-ch (Women)"]
[Site "Tashkent"]
[Date "2017.05.28"]
[Round "1"]
[White "Baymuratova, Sevara"]
[Black "Tokhirjonova, Gulruhbegim"]
[Result "1/2-1/2"]
[WhiteElo "2118"]
[BlackElo "2299"]
[PlyCount "65"]
[EventDate "2017.05.28"]
[EventType "tourn"]
[EventRounds "9"]
[EventCountry "UZB"]
[SourceTitle "EXT 2018"]
[Source "ChessBase"]
[SourceDate "2017.10.13"]
[SourceVersion "1"]
[SourceVersionDate "2017.10.13"]
[SourceQuality "1"]

1. d4 Nf6 2. c4 e6 3. Nf3 d5 4. Nc3 a6 5. a4 Be7 6. Bg5 0-0 7. e3 b6 8. cxd5 exd5 9. Bd3 Bb7 10. 0-0 Nbd7 11. Rc1 c5 12. b3 Ne4 13. Bxe7 Qxe7 14. dxc5 Nxc3 15. Rxc3 bxc5 16. Bf5 Nf6 17. Qc2 g6 18. Bd3 d4 19. Rxc5 Bxf3 20. gxf3 dxe3 21. Re1 exf2+ 22. Qxf2 Qd6 23. Bf1 Rab8 24. Bc4 Rfe8 25. Rxe8+ Rxe8 26. Bf1 Qd8 27. Rc3 Re1 28. Re3 Rxe3 29. Qxe3 a5 30. Qc3 Nh5 31. Kf2 Qd6 32. Qxa5 Qxh2+ 33. Ke1 1/2-1/2